=LDR 00000nam 2200000 4500 =001 INLIS000000000014661 =005 20211129091543 =035 ##$$a 0010-061300000014661 =008 211129################g##########0#ind## =041 ##$$a Ind =082 ##$$a 340.57 =090 ##$$a 340.57, Soe h =100 1#$$a Soemarman, Anto =245 1#$$a Hukum adat : $b Prespektif sekarang dan mendatang /$c Anto Soemarman, SH.,SU =260 ##$$a Yogyakarta :$b Adicita,$c 2003 =300 ##$$a xiv, 128 hlm : $b ilus ; $c 21x14 cm =650 #4$$a Hukum adat =850 ##$$a NBPNMAT =020 ##$$a 979-9246-08-3 =084 ##$$a 340.57 SOE h =250 ##$$a cet.1 =990 ##$$a 30500499 =990 ##$$a 30500451 =990 ##$$a 30500452 =990 ##$$a 30502396 =990 ##$$a 30502394 =990 ##$$a 30502393 =990 ##$$a 30502393 =990 ##$$a 30500499 =990 ##$$a 30500451 =990 ##$$a 30500452 =990 ##$$a 30502396 =990 ##$$a 30502394 =990 ##$$a 30502393 =990 ##$$a 30500499 =990 ##$$a 30500451 =990 ##$$a 30500452 =990 ##$$a 30502396 =990 ##$$a 30502394